| 000 | 00364nam a22001217a 4500 | ||
|---|---|---|---|
| 082 | _a382.609549 SBP | ||
| 100 | _aState Bank of Pakistan | ||
| 245 |
_aExport Receipts September 2005 _cState Bank of Pakistan |
||
| 260 |
_aKarachi _bPublic Relation Division SBP _c2005 |
||
| 300 | _a229p | ||
| 942 |
_2ddc _cBK |
||
| 999 |
_c586066 _d586066 |
||